<?xml version="1.0" encoding="UTF-8"?>
<record
    xmlns:xsi="http://www.w3.org/2001/XMLSchema-instance"
    xsi:schemaLocation="http://www.loc.gov/MARC21/slim http://www.loc.gov/standards/marcxml/schema/MARC21slim.xsd"
    xmlns="http://www.loc.gov/MARC21/slim">

  <leader>01279naa a2200277   4500</leader>
  <controlfield tag="005">20090526160329.0</controlfield>
  <controlfield tag="008">090526t        xxu||||| |||| 00| 0 eng d</controlfield>
  <datafield tag="010" ind1=" " ind2=" ">
    <subfield code="a">ENG-93745-46</subfield>
  </datafield>
  <datafield tag="020" ind1=" " ind2=" ">
    <subfield code="a">9788131305362 (set) </subfield>
    <subfield code="c">1495.00 (set of 2 volumes) </subfield>
  </datafield>
  <datafield tag="035" ind1=" " ind2=" ">
    <subfield code="a">EN-77278-79</subfield>
  </datafield>
  <datafield tag="037" ind1=" " ind2=" ">
    <subfield code="b">DBAD / PUB</subfield>
  </datafield>
  <datafield tag="040" ind1=" " ind2=" ">
    <subfield code="a">dpl</subfield>
    <subfield code="b">English </subfield>
  </datafield>
  <datafield tag="082" ind1=" " ind2=" ">
    <subfield code="a">305.231</subfield>
  </datafield>
  <datafield tag="245" ind1=" " ind2=" ">
    <subfield code="a">Child development:</subfield>
    <subfield code="c">edited by R. Kumar </subfield>
    <subfield code="b">(health, welfare and management) /</subfield>
  </datafield>
  <datafield tag="260" ind1=" " ind2=" ">
    <subfield code="a">New Delhi</subfield>
    <subfield code="b">APH Publishing Corporatioon</subfield>
    <subfield code="c">2009</subfield>
  </datafield>
  <datafield tag="270" ind1=" " ind2=" ">
    <subfield code="a">4435-36/7,  Ansari Road, Darya Ganj</subfield>
    <subfield code="b">New Delhi</subfield>
    <subfield code="e">110 002</subfield>
    <subfield code="m">aphbooks@vsnl.net</subfield>
    <subfield code="k">011 23274050</subfield>
  </datafield>
  <datafield tag="300" ind1=" " ind2=" ">
    <subfield code="a">2v. (xvi, 270p.; xvi, 296p.)</subfield>
    <subfield code="b">23cm(Hb)</subfield>
  </datafield>
  <datafield tag="500" ind1=" " ind2=" ">
    <subfield code="a">This book published in 2 vols. and set price is 1495.00</subfield>
  </datafield>
  <datafield tag="500" ind1=" " ind2=" ">
    <subfield code="a">Includes index </subfield>
  </datafield>
  <datafield tag="650" ind1=" " ind2=" ">
    <subfield code="a">Child development.</subfield>
  </datafield>
  <datafield tag="700" ind1=" " ind2=" ">
    <subfield code="a">Kumar, R. </subfield>
  </datafield>
  <datafield tag="710" ind1=" " ind2=" ">
    <subfield code="a">.</subfield>
  </datafield>
  <datafield tag="942" ind1=" " ind2=" ">
    <subfield code="a">dpl</subfield>
    <subfield code="c">EN</subfield>
    <subfield code="2">ddc</subfield>
    <subfield code="h">305.231</subfield>
    <subfield code="m">CHI</subfield>
  </datafield>
  <datafield tag="999" ind1=" " ind2=" ">
    <subfield code="c">26833</subfield>
    <subfield code="d">26833</subfield>
  </datafield>
  <datafield tag="952" ind1=" " ind2=" ">
    <subfield code="0">0</subfield>
    <subfield code="1">0</subfield>
    <subfield code="2">ddc</subfield>
    <subfield code="3">v.1</subfield>
    <subfield code="4">0</subfield>
    <subfield code="7">1</subfield>
    <subfield code="8">NFIC</subfield>
    <subfield code="a">DBAD</subfield>
    <subfield code="b">DBAD</subfield>
    <subfield code="d">2009-05-26</subfield>
    <subfield code="e">DBAD /  PUB</subfield>
    <subfield code="g">1495.00</subfield>
    <subfield code="l">0</subfield>
    <subfield code="o">305.231 CHI</subfield>
    <subfield code="p">EN-77278</subfield>
    <subfield code="r">2009-05-26 00:00:00</subfield>
    <subfield code="t">1</subfield>
    <subfield code="v">1495.00</subfield>
    <subfield code="w">2009-05-26</subfield>
    <subfield code="y">EN</subfield>
    <subfield code="z">v.1</subfield>
  </datafield>
  <datafield tag="952" ind1=" " ind2=" ">
    <subfield code="0">0</subfield>
    <subfield code="1">0</subfield>
    <subfield code="2">ddc</subfield>
    <subfield code="3">v.2</subfield>
    <subfield code="4">0</subfield>
    <subfield code="7">1</subfield>
    <subfield code="8">NFIC</subfield>
    <subfield code="a">DBAD</subfield>
    <subfield code="b">DBAD</subfield>
    <subfield code="d">2009-05-26</subfield>
    <subfield code="e">DBAD / PUB</subfield>
    <subfield code="g">1495.00</subfield>
    <subfield code="l">0</subfield>
    <subfield code="o">305.231 CHI</subfield>
    <subfield code="p">EN-77279</subfield>
    <subfield code="r">2009-05-26 00:00:00</subfield>
    <subfield code="t">1</subfield>
    <subfield code="v">1495.00</subfield>
    <subfield code="w">2009-05-26</subfield>
    <subfield code="y">EN</subfield>
    <subfield code="z">v.2</subfield>
  </datafield>
</record>
